L´Histoire de l´Ingenievx et Redoutable Chevallier, Dom-Quichot de la Manche (Record no. 2736)
[ view plain ]
| 000 -CABECERA | |
|---|---|
| campo de control de longitud fija | 01719nam a2200349 a 4500 |
| 001 - NÚMERO DE CONTROL | |
| campo de control | BRCA_2998 |
| 005 - FECHA Y HORA DE LA ÚLTIMA TRANSACCIÓN | |
| campo de control | 20190320204049.0 |
| 008 - DATOS DE LONGITUD FIJA--INFORMACIÓN GENERAL | |
| campo de control de longitud fija | 190109s1625----fr-#---###---#000-0#fre-u |
| 041 ## - CÓDIGO DE LENGUA | |
| Código de lengua del texto/banda sonora o título independiente | fre |
| 044 ## - CÓDIGO DEL PAÍS DE LA ENTIDAD EDITORA/PRODUCTORA | |
| Código MARC del país | fr |
| 084 ## - OTRO NÚMERO DE CLASIFICACIÓN | |
| Número de clasificación | 317 |
| Número de documento/Ítem | .M478 |
| -- | 1625 |
| 100 1# - ENTRADA PRINCIPAL--NOMBRE DE PERSONA | |
| Nombre de persona | Cervantes Saavedra, Miguel de |
| Fechas asociadas al nombre | 1547-1616 |
| 9 (RLIN) | 213 |
| 245 10 - MENCIÓN DE TÍTULO | |
| Título | L´Histoire de l´Ingenievx et Redoutable Chevallier, Dom-Quichot de la Manche |
| Mención de responsabilidad, etc. | compuest en espagnol par Miguel de Cervantes Saavedra. |
| 250 ## - MENCIÓN DE EDICIÓN | |
| Mención de edición | 3 |
| 260 ## - PUBLICACIÓN, DISTRIBUCIÓN, ETC. | |
| Lugar de publicación, distribución, etc. | Paris |
| Nombre del editor, distribuidor, etc. | Jean Mestais |
| Fecha de publicación, distribución, etc. | 1625 |
| 300 ## - DESCRIPCIÓN FÍSICA | |
| Extensión | 882 p. |
| Dimensiones | 17 cm. |
| 500 ## - NOTA GENERAL | |
| Nota general | Contiene : Segunda parte. Dedicatoria a Mme. de Chevrevse |
| 500 ## - NOTA GENERAL | |
| Nota general | Edición : Et traduitte fidellement an nostre Langue par F. de Rosset |
| 500 ## - NOTA GENERAL | |
| Nota general | Tercera edición de la segunda parte, traducida por Rosset. Esta edición de la segunda parte, impresa por Jean Mestais, en 1625, unida a la cuarta edición de la primera (del número anterior), publicada por el mismo impresor en el mismo año, constituyen, la primera edición en francés de ambas partes, reunidas bajo una misma fecha, lugar e impresor. Piel; lomera decorada con florones y filetes dorados Lúdovik Osterc |
| 500 ## - NOTA GENERAL | |
| Nota general | Estado físico : anotaciones manuscritas en la cubierta |
| 500 ## - NOTA GENERAL | |
| Nota general | Existencias : complementa al LO-316 |
| 500 ## - NOTA GENERAL | |
| Nota general | QM240 |
| 546 ## - NOTA DE LENGUA/LENGUAJE | |
| Nota de lengua/lenguaje | Texto en : francés |
| 650 14 - PUNTO DE ACCESO ADICIONAL DE MATERIA--TÉRMINO DE MATERIA | |
| Término de materia o nombre geográfico como elemento de entrada | Novela española |
| Subdivisión cronológica | Época clásica, 1500-1700 |
| 9 (RLIN) | 215 |
| 650 14 - PUNTO DE ACCESO ADICIONAL DE MATERIA--TÉRMINO DE MATERIA | |
| Término de materia o nombre geográfico como elemento de entrada | Literatura española |
| Subdivisión cronológica | Época clásica, 1500-1700 |
| 9 (RLIN) | 216 |
| 650 14 - PUNTO DE ACCESO ADICIONAL DE MATERIA--TÉRMINO DE MATERIA | |
| Término de materia o nombre geográfico como elemento de entrada | Novela española |
| Subdivisión cronológica | Siglo XVII |
| 9 (RLIN) | 217 |
| 650 14 - PUNTO DE ACCESO ADICIONAL DE MATERIA--TÉRMINO DE MATERIA | |
| Término de materia o nombre geográfico como elemento de entrada | Don Quijote (Personaje ficticio) |
| Término indicativo de función/relación | Novela |
| 9 (RLIN) | 218 |
| 700 1# - PUNTO DE ACCESO ADICIONAL--NOMBRE DE PERSONA | |
| Nombre de persona | Rosset, Francois |
| Término indicativo de función/relación | Traductor |
| 9 (RLIN) | 8287 |
| 740 0# - PUNTO DE ACCESO ADICIONAL--TÍTULO RELACIONADO O ANALÍTICO NO CONTROLADO | |
| Título relacionado o analítico no controlado | El Ingenioso Hidalgo Don Quijote de la Mancha |
| 902 ## - CATALOGADOR | |
| Iniciales | QFM |
| 942 ## - ELEMENTOS DE PUNTO DE ACCESO ADICIONAL (KOHA) | |
| Fuente del sistema de clasificación o colocación | Library of Congress Classification |
| Tipo de ítem Koha | Libros |
| Estado de retiro | Estado de pérdida | Estado dañado | No para préstamo | Localización permanente | Ubicación/localización actual | Fecha de adquisición | Número de inventario | Total de préstamos | Signatura topográfica completa | Código de barras | Fecha visto por última vez | Precio válido a partir de | Tipo de ítem Koha |
|---|---|---|---|---|---|---|---|---|---|---|---|---|---|
| El ejemplar forma parte de la colección y puede ser consultado según las políticas vigentes. | Biblioteca del Museo Franz Mayer (Rogerio Casas-Alatriste) | Biblioteca del Museo Franz Mayer (Rogerio Casas-Alatriste) | 19/01/2009 | QM240 | 317 .M478 1625 (QM240) | 2995 | 22/03/2019 | 22/03/2019 | Libros |